000 01505cam a22003735a 4500
001 15108199
003 ARRUPE
005 20220505093606.0
008 071211s2006 sg b 001 0 eng
010 _a 2007543000
_z 2006032630
020 _a9781842777657 (Zed Books ed. : pb)
020 _a9781842777640 (Zed Books ed. : hb)
020 _a2869781962 (Codesria ed.)
040 _aDLC
_cDLC
_dDLC
043 _af------
050 0 0 _aJQ1879.A15
_bI58 2006
082 0 0 _a320.96
_222
245 0 0 _aIntellectuals and African development :
_bpretension and resistance in African politics /
_cBjörn Beckman & Gbemisola Remi Adeoti, editors.
260 _aDakar :
_bCodesria ;
_aLondon ;
_aNew York :
_bZed Books ;
_aPretoria :
_bUNISA Press,
_c2006.
300 _a178 p. ;
_c22 cm.
490 0 _aAfrica in the new millennium
504 _aIncludes bibliographical references and index.
650 0 _aPolitical culture
_zAfrica.
_949224
650 0 _aInternational agencies
_zAfrica.
_951425
651 0 _aAfrica
_xPolitics and government
_y1960-
651 0 _aAfrica
_xSocial conditions
_y1960-
700 1 _aBeckman, Björn,
_d1938-
_951426
700 1 _aAdeoti, Gbemisola.
_951427
710 2 _aCodesria.
_932572
856 4 1 _3Table of contents only
_uhttp://www.loc.gov/catdir/toc/fy0803/2007543000.html
906 _a7
_bcbc
_corigcop
_d3
_encip
_f20
_gy-gencatlg
942 _2lcc
_cMONOGRAPH
999 _c131350
_d131350